| 000 | 06791 a2200493 4500 | ||
|---|---|---|---|
| 008 | 090518t xxu||||| |||| 00| 0 hin d | ||
| 010 | _aB-291402-421 | ||
| 020 |
_c250.00 _a8178820927 |
||
| 035 | _aB-291402-421 | ||
| 035 | _aB-355827 | ||
| 037 | _bसुरेन्द्रकुमार एण्ड सन्ज़ | ||
| 040 |
_adpl _bHIN |
||
| 082 | _aउ | ||
| 100 | _aगोगोल, निकोलाई | ||
| 245 |
_aतारास बूल्ला / _cनिकोलाई गोगोल; रीमा तिवारी द्वारा रूपांतरित एवं वेद प्रकाश द्वारा संपादित |
||
| 260 |
_aदिल्ली _bसुरेन्द्रकुमार एण्ड सन्ज़ _c2008 |
||
| 270 |
_a30/21-22ए, गली नं.9,विश्वास नगर, शाहदरा _bदिल्ली _cदिल्ली _e110032 |
||
| 300 |
_a240पृ _c22 सेमी (सजिल्द) |
||
| 700 | _aतिवारी, रीमा | ||
| 700 | _aवेद प्रकाश | ||
| 942 |
_adpl _cHN _k/गोगोल _2ddc _hउ _mगोगोल |
||
| 999 |
_c12562 _d12562 |
||